Study on breed characteristics and improvment of the Ba-Xuyen local pig in the Mekong Delta of Vietnam Thesis submitted to the Faculty of Animal Husbandary Academy of Agriculture and Technology in Olsztyn, Poland. In Partial Fulfillment of the Requiremets Towords the Ph.D. degree in Animal Science
Gorde:
| Egile nagusia: | |
|---|---|
| Formatua: | Liburua |
| Hizkuntza: | Undetermined |
| Argitaratua: |
Olsztyn
AHAAT
1989
|
| Gaiak: | |
| Etiketak: |
Etiketa erantsi
Etiketarik gabe, Izan zaitez lehena erregistro honi etiketa jartzen!
|
| Thư viện lưu trữ: | Trung tâm Học liệu Trường Đại học Cần Thơ |
|---|
| LEADER | 00821nam a2200205Ia 4500 | ||
|---|---|---|---|
| 001 | CTU_36772 | ||
| 008 | 210402s9999 xx 000 0 und d | ||
| 082 | |a 636.4 | ||
| 082 | |b Qu119 | ||
| 088 | |a 60620105 | ||
| 100 | |a Võ ái Quấc | ||
| 245 | 0 | |a Study on breed characteristics and improvment of the Ba-Xuyen local pig in the Mekong Delta of Vietnam | |
| 245 | 0 | |b Thesis submitted to the Faculty of Animal Husbandary Academy of Agriculture and Technology in Olsztyn, Poland. In Partial Fulfillment of the Requiremets Towords the Ph.D. degree in Animal Science | |
| 245 | 0 | |c Võ ái Quấc | |
| 260 | |a Olsztyn | ||
| 260 | |b AHAAT | ||
| 260 | |c 1989 | ||
| 650 | |a animal industry,swine - breeding | ||
| 904 | |i Nguyễn Quang Điền, 000605 | ||
| 980 | |a Trung tâm Học liệu Trường Đại học Cần Thơ | ||